header

White diaspora (Record no. 225310)

MARC details
000 -LEADER
fixed length control field 01518nam a2200397 a 4500
082 04 - DEWEY DECIMAL CLASSIFICATION NUMBER
Classification number 813/.509321733
100 1# - MAIN ENTRY--AUTHOR NAME
Personal name Jurca, Catherine,
245 10 - TITLE STATEMENT
Title White diaspora
260 ## - PUBLICATION, DISTRIBUTION, ETC. (IMPRINT)
Place of publication Princeton, N.J. :
Name of publisher Princeton University Press,
Year of publication c2001.
300 ## - PHYSICAL DESCRIPTION
Number of Pages viii, 238 p. :
Other physical details ill.
650 #0 - SUBJECT ADDED ENTRY--TOPICAL TERM
Topical Term American fiction
Topical Term Suburban life in literature.
Topical Term Segregation in literature.
Topical Term Suburbs in literature.
Topical Term Whites in literature.
Topical Term Race in literature.
856 40 - ELECTRONIC LOCATION AND ACCESS
Uniform Resource Identifier http://site.ebrary.com/lib/rucke/Doc?id=10514794

No items available.

© 2026 Rongo University
Contact us: librarian | system librarian | Rongo university